000 00625cam a2200217 4500
001 2165123
003 ARRUPE
005 20150908141650.0
008 700507s1956 nyua 001 0 eng
010 _a 56006601
040 _aDLC
_cDLC
_dDLC
050 0 0 _aQ175
_b.B786
082 0 0 _a501.51
100 1 _aBrillouin, Léon,
_d1889-1969.
_919502
245 1 0 _aScience and information theory.
_cLeon Brillouin
260 _aNew York,
_bAcademic Press,
_c1956.
300 _a320 p.
_billus.
_c24 cm.
650 0 _aInformation theory.
_914003
906 _a7
_bcbc
_corignew
_du
_encip
_f19
_gy-gencatlg
942 _2lcc
_cMONOGRAPH
999 _c123295
_d123295